• 首页
  • 本馆介绍
  • 公告通知
  • 最新文献
  • 馆藏检索
  • 电子资源
  • 读者导购
  • 参考咨询
  • 我的图书馆
  • 登录
  • 详细信息显示
  • 放入我的书架
  • 预约/预借图书
  • 作者相关作品
  • 分类相关作品
  • 丛书相关作品
  • 出版社相关作品

书目信息

  • 表格格式
  • 工作单格式
  • 卡片格式
题名:
几何教学
    
 
作者: 肖盖 , Choquet 著 ;曹元聚 译
分册:  
出版信息: 北京   北京师范大学出版社  1984
页数: 183页
开本: 19cm
丛书名:
单 册:
中图分类: G633.63 , G633.6
科图分类:
主题词: 几何-教学法--中学 , 教学法-几何--中学 , 教育--各级
电子资源:
ISBN:
000 00802nam0 2200301 45
001 0184004938
005 20040430144328.8
010    @dCNY0.56
091    @a7243.181
100    @a19950628d1984 em y0chiy0121 ea
101 1  @achi@cfre
102    @aCN@b110000
105    @ay z 000yy
106    @ar
200 10 @a几何教学@Aji he jiao xue@f(法)肖盖(G.Choquet)著@g曹元聚译
210    @a北京@c北京师范大学出版社@d1984
215    @a183页@d19cm
606    @a几何-教学法@x中学
606    @a教学法-几何@x中学
606 0  @a教育@x各级
690    @aG633.63@v3
690    @aG633.6
701  1 @a肖盖@Axiao gai@bG.@4著
701 A1 @aChoquet@bG.@4著
702  0 @a曹元聚@Acao yuan ju@4译
801  0 @aCN@b上海图书馆@c20040430
801  2 @aCN@bNLC@c20040430
905    @f4@b120531-534@dG633.6@e74
    
    几何教学/(法)肖盖(G.Choquet)著/曹元聚译.-北京:北京师范大学出版社,1984
    183页;19cm
    
    
    ISBN :CNY0.56
    
●
相关链接 在E读中查询图书 在五车中查询图书 在当当中查询图书 在豆瓣中查询图书


正题名:几何教学     索取号:G633.6/74         预约/预借

序号 登录号 条形码 馆藏地/架位号 状态 备注
1 0120531   000251266   密集书库/ [索取号:G633.6/74] 在馆    
2 0120532   000251257   密集书库/ [索取号:G633.6/74] 在馆    
3 0120533   000251275   密集书库/ [索取号:G633.6/74] 在馆    
4 0120534   000251284   密集书库/ [索取号:G633.6/74] 在馆    
5 0120535   202437755   第一样本阅览室/ [索取号:G633.6/74] 在馆    
唐山师范学院图书馆 欢迎您!
大连网信软件有限公司© 版权所有